[Event "Sparkassen-Open J"]
[Site "Heusenstamm, Martinsee"]
[Date "2021.11.21"]
[Round "6.2"]
[White "Sensoy, Emir"]
[Black "Valean, David-Andrei"]
[Result "0-1"]
[WhiteElo "1367"]
[BlackElo "1237"]
[PlyCount "156"]
[EventDate "2021.??.??"]
[WhiteTeam "MSA Zugzwang"]
[BlackTeam "SK Schweinfurt"]

1. c4 e5 2. Nc3 Bc5 3. Nf3 Nc6 4. g3 d6 5. Bg2 Nf6 6. O-O h5 7. b3 Bf5 8. Bb2
Qd7 9. e3 Bg4 10. Na4 e4 11. Nxc5 dxc5 12. a3 exf3 13. Bxf3 Qf5 14. Bxg4 hxg4
15. f4 gxf3 16. Rxf3 Qh3 17. Rf2 Ne4 18. Rg2 f6 19. Qf3 Ng5 20. Qf4 O-O-O 21.
Rd1 Qh5 22. Qf5+ Kb8 23. Qf1 Nf3+ 24. Kf2 Nxh2 25. Qg1 Ne5 26. Bxe5 fxe5 27. g4
Qh4+ 28. Ke2 Rdf8 29. Rg3 e4 30. d3 Nf3 31. Qg2 Qh2 32. dxe4 Qxg2+ 33. Rxg2 Rh2
34. Rxh2 Nxh2 35. e5 Nxg4 36. e6 Re8 37. e7 Kc8 38. Rg1 Ne5 39. Rxg7 Kd7 40. e4
Rxe7 41. Rg8 Nc6 42. Kf3 Nd4+ 43. Ke3 Nxb3 44. Ra8 a6 45. Rh8 Nd4 46. Kd3 Ne6
47. Ke3 Ng5 48. Rh4 b5 49. cxb5 axb5 50. Rg4 Rxe4+ 51. Rxe4 Nxe4 52. Kxe4 Kc6
53. Kd3 Kb6 54. Kc3 Ka5 55. Kb3 c4+ 56. Kb2 Ka4 57. Kb1 Kxa3 58. Ka1 b4 59. Kb1
Kb3 60. Ka1 c3 61. Kb1 c2+ 62. Kc1 c6 63. Kd2 Kb2 64. Kd3 c1=Q 65. Kd4 c5+ 66.
Kd5 Kb3 67. Ke4 Qd2 68. Ke5 Qd4+ 69. Ke6 Kc4 70. Kf5 Qe3 71. Kf6 Qe4 72. Kf7
Qc6 73. Ke7 Kd5 74. Kf7 Ke5 75. Kg7 Qf6+ 76. Kh7 Qg5 77. Kh8 Kf6 78. Kh7 Qg7#
0-1

[Event "Sparkassen-Open J"]
[Site "Heusenstamm, Martinsee"]
[Date "2021.11.21"]
[Round "6.3"]
[White "Himmelspacht, Maxim"]
[Black "Inan, Emir"]
[Result "1-0"]
[WhiteElo "1538"]
[BlackElo "1176"]
[PlyCount "115"]
[EventDate "2021.??.??"]
[WhiteTeam "SK Gießen"]
[BlackTeam "SV Neu-Isenburg"]

1. e4 e5 2. Nf3 Nc6 3. d4 exd4 4. Nxd4 Nxd4 5. Qxd4 c5 6. Qd3 Nf6 7. Nc3 d6 8.
Bf4 Be6 9. O-O-O Ng4 10. Qg3 Be7 11. Bb5+ Bd7 12. Qxg4 Rg8 13. Qxd7+ Qxd7 14.
Bxd7+ Kxd7 15. Bxd6 Bg5+ 16. f4 Bh6 17. g4 g6 18. Bf8+ Kc6 19. Bxh6 b5 20. Rd2
b4 21. Nd5 Rgd8 22. Rhd1 Re8 23. Nf6 Re6 24. e5 a5 25. Rd8 Ra7 26. R1d7 Rxd7
27. Nxd7 Kc7 28. Bg5 h6 29. Bf6 Rxf6 30. exf6 Kxd8 31. Nxc5 Kc7 32. Kd2 Kc6 33.
Ne4 Kd5 34. Kd3 a4 35. Nd2 g5 36. fxg5 hxg5 37. Nf3 Ke6 38. Nxg5+ Kxf6 39. Nxf7
Kxf7 40. Kc4 a3 41. b3 Kf6 42. Kxb4 Kg5 43. h3 Kf6 44. Kxa3 Kg5 45. c4 Kf6 46.
c5 Ke6 47. g5 Kd5 48. g6 Ke6 49. c6 Kd6 50. g7 Kxc6 51. g8=Q Kb5 52. Qc4+ Kb6
53. h4 Ka7 54. Qb5 Ka8 55. Kb4 Ka7 56. Kc5 Ka8 57. Kc6 Ka7 58. Qb7# 1-0

[Event "Sparkassen-Open J"]
[Site "Heusenstamm, Martinsee"]
[Date "2021.11.21"]
[Round "6.4"]
[White "Sreeramulu, Aarush"]
[Black "Dubinker, Philipp"]
[Result "1-0"]
[WhiteElo "1227"]
[BlackElo "1572"]
[PlyCount "117"]
[EventDate "2021.??.??"]
[WhiteTeam "SK Marburg"]
[BlackTeam "SK Marburg"]

1. d4 d5 2. c4 e6 3. Nf3 Be7 4. Bf4 Nf6 5. e3 b6 6. Be2 O-O 7. O-O Bb7 8. Nc3
c5 9. cxd5 Nxd5 10. Nxd5 Bxd5 11. dxc5 Bxc5 12. Ne5 Nc6 13. Bf3 Bxf3 14. Qxf3
Nxe5 15. Bxe5 Qe7 16. Rfd1 Rfd8 17. a3 Rac8 18. Qg3 f6 19. Bc3 Kh8 20. Qg4 b5
21. Bd4 Bxd4 22. Rxd4 Rxd4 23. Qxd4 Rc2 24. Rd1 h6 25. Rb1 Qc7 26. g3 Kg8 27.
Qe4 Kf7 28. Qd4 a6 29. Kg2 Qc6+ 30. Kg1 e5 31. Qb4 g5 32. Qb3+ Kg7 33. Rd1 h5
34. Rd7+ Qxd7 35. Qxc2 Qd5 36. Qc7+ Kg6 37. Qc2+ f5 38. Qc8 h4 39. Qxa6+ Kh5
40. gxh4 gxh4 41. h3 f4 42. exf4 exf4 43. f3 Qg5+ 44. Kf1 Qd5 45. Ke2 Qe5+ 46.
Kd3 Qxb2 47. Qd6 Qb3+ 48. Ke4 Qc2+ 49. Qd3 Qa4+ 50. Ke5 b4 51. Qf5+ Kh6 52.
Qxf4+ Kg6 53. Qf6+ Kh5 54. axb4 Qxb4 55. Qf7+ Kh6 56. Qf4+ Qxf4+ 57. Kxf4 Kh5
58. Kf5 Kh6 59. Kg4 1-0

[Event "Sparkassen-Open J"]
[Site "Heusenstamm, Martinsee"]
[Date "2021.11.21"]
[Round "6.5"]
[White "Will, Elina"]
[Black "Nagel, Daniel"]
[Result "0-1"]
[WhiteElo "1224"]
[BlackElo "1329"]
[PlyCount "98"]
[EventDate "2021.??.??"]
[WhiteTeam "TuS Makkabi Wiesbaden"]
[BlackTeam "SC Aschaffenburg"]

1. e4 g6 2. d4 Bg7 3. Nf3 d6 4. Bf4 c5 5. c3 Nd7 6. Bb5 a6 7. Bxd7+ Bxd7 8.
dxc5 dxc5 9. Qd5 Bc6 10. Qxc5 Bxe4 11. Nbd2 Bc6 12. O-O Bh6 13. Qe3 Bxf4 14.
Qxf4 Nf6 15. Rad1 Qa5 16. a3 O-O 17. Rfe1 Qh5 18. Qe5 Qxe5 19. Nxe5 e6 20. Nxc6
bxc6 21. Ne4 Nxe4 22. Rxe4 Rfd8 23. Red4 Rxd4 24. Rxd4 Rb8 25. b4 c5 26. Rc4
cxb4 27. Rxb4 Rc8 28. c4 a5 29. Ra4 Rc5 30. Kf1 e5 31. Ke2 f5 32. Ke3 Kf7 33.
f4 Ke6 34. g3 e4 35. Kd4 Kd6 36. g4 Kc6 37. h3 Kb6 38. Ke3 Rc7 39. gxf5 gxf5
40. h4 h5 41. Kf2 Rd7 42. c5+ Kb5 43. c6 Rd2+ 44. Ke1 Rc2 45. Rd4 Rxc6 46. Rd5+
Rc5 47. a4+ Kc4 48. Rd6 Rd5 49. Rh6 Kd3 0-1

[Event "Sparkassen-Open J"]
[Site "Heusenstamm, Martinsee"]
[Date "2021.11.21"]
[Round "6.6"]
[White "Zargaran, Sepas"]
[Black "Snover, Tom"]
[Result "0-1"]
[WhiteElo "1038"]
[BlackElo "1491"]
[PlyCount "138"]
[EventDate "2021.??.??"]
[WhiteTeam "VSG Offenbach"]
[BlackTeam "SC Aschaffenburg"]

1. e4 e5 2. Nf3 Nc6 3. Nc3 Nf6 4. d4 exd4 5. Nxd4 Bb4 6. Nxc6 bxc6 7. Bd3 d6 8.
O-O Be6 9. Bg5 h6 10. Bd2 Bc5 11. Ba6 Rb8 12. Na4 Bb6 13. Bc3 O-O 14. e5 Nd5
15. exd6 cxd6 16. Nxb6 Rxb6 17. Qd4 Nxc3 18. Bd3 Nd5 19. f4 Nf6 20. h3 Qb8 21.
g4 Rxb2 22. g5 hxg5 23. fxg5 Nd7 24. Qh4 g6 25. Qh6 Qb6+ 26. Rf2 Rb1+ 27. Rxb1
Qxb1+ 28. Rf1 Qb2 29. Bxg6 Qd4+ 30. Rf2 Qg7 31. Bxf7+ Bxf7 32. Qxd6 Nb6 33. h4
Qg6 34. Qd4 Qe6 35. h5 Qe1+ 36. Kh2 Bd5 37. Rxf8+ Kxf8 38. Qh8+ Ke7 39. Qg7+
Kd6 40. Qf8+ Kd7 41. Qg7+ Qe7 42. Qxe7+ Kxe7 43. Kg3 Kf7 44. Kf4 Bxa2 45. g6+
Kg7 46. Kg5 Bg8 47. h6+ Kh8 48. Kf5 a5 49. Ke4 Nd5 50. c4 Nb4 51. Ke3 Bxc4 52.
Kd2 Nd5 53. Kc1 Nf4 54. Kb1 Nxg6 55. Ka1 Kh7 56. Kb2 Kxh6 57. Ka1 Kg5 58. Kb2
Kf4 59. Ka1 a4 60. Kb1 a3 61. Ka1 a2 62. Kb2 Bd5 63. Ka1 Ne5 64. Kb2 Nd3+ 65.
Ka1 Nb4 66. Kb2 c5 67. Ka1 c4 68. Kb2 c3+ 69. Ka1 Nc2# 0-1

[Event "Sparkassen-Open J"]
[Site "Heusenstamm, Martinsee"]
[Date "2021.11.21"]
[Round "6.7"]
[White "Dorfner, Jeremias"]
[Black "Vick, Edward"]
[Result "1/2-1/2"]
[WhiteElo "1198"]
[BlackElo "1242"]
[PlyCount "98"]
[EventDate "2021.??.??"]
[WhiteTeam "TV-Großostheim"]
[BlackTeam "TuS Makkabi Wiesbaden"]

1. e4 e5 2. Nf3 Nc6 3. Bb5 Nf6 4. O-O Bc5 5. c3 O-O 6. d3 a6 7. Ba4 b5 8. Bc2
d5 9. h3 dxe4 10. dxe4 Qxd1 11. Rxd1 Be6 12. Bg5 Nd7 13. Nbd2 f6 14. Bh4 Rad8
15. Nb3 a5 16. Bd3 Bxb3 17. axb3 b4 18. Bb5 Ndb8 19. Ne1 Rxd1 20. Rxd1 Rd8 21.
Rxd8+ Nxd8 22. Nd3 Bd6 23. f3 Ne6 24. Bc4 Kf7 25. Bxe6+ Kxe6 26. Bf2 Na6 27.
Kf1 Kd7 28. Ke2 Kc6 29. Kd2 Nc5 30. Nxc5 Bxc5 31. Bxc5 Kxc5 32. Kd3 c6 33. c4
Kd6 34. Ke3 c5 35. f4 Ke6 36. f5+ Kf7 37. g4 g6 38. Kf3 Kg7 39. Kg3 g5 40. Kf3
Kf7 41. Ke3 Ke7 42. Kd3 Kd7 43. Kc2 Kc7 44. Kd3 Kb6 45. Kc2 Ka6 46. Kd3 a4 47.
bxa4 Ka5 48. b3 Kb6 49. Ke3 h6 1/2-1/2

[Event "Sparkassen-Open J"]
[Site "Heusenstamm, Martinsee"]
[Date "2021.11.21"]
[Round "6.8"]
[White "Mohammadzadeh, Daris"]
[Black "Vinogradov, Ilia"]
[Result "1-0"]
[WhiteElo "1335"]
[BlackElo "1177"]
[PlyCount "37"]
[EventDate "2021.??.??"]
[WhiteTeam "Vorw.Orient Mainz"]
[BlackTeam "SV Walldorf"]

1. e4 e5 2. Nf3 Nc6 3. Nc3 Nf6 4. a3 a6 5. d4 exd4 6. Nxd4 Bc5 7. Be3 d5 8.
Nxc6 bxc6 9. Bxc5 Be6 10. exd5 cxd5 11. Be2 c6 12. O-O Qd7 13. Re1 Rb8 14. Rb1
h5 15. h3 g5 16. Qd4 Rh6 17. Qe5 Ra8 18. Qd6 g4 19. Qf8# 1-0

[Event "Sparkassen-Open J"]
[Site "Heusenstamm, Martinsee"]
[Date "2021.11.21"]
[Round "6.9"]
[White "Milman, Sophie"]
[Black "Steigerwald, Alexander"]
[Result "1-0"]
[WhiteElo "1202"]
[BlackElo "1017"]
[PlyCount "65"]
[EventDate "2021.??.??"]
[WhiteTeam "SC Heusenstamm"]
[BlackTeam "SC Aschaffenburg"]

1. e4 c5 2. d4 e6 3. Nf3 cxd4 4. Nxd4 Nc6 5. Nc3 Nf6 6. Bc4 d5 7. exd5 exd5 8.
Bb3 Bc5 9. Be3 Nxd4 10. Bxd4 Bxd4 11. Qxd4 Be6 12. O-O O-O 13. Rfd1 Qa5 14. Qe5
Rad8 15. Rd2 Rd7 16. Rad1 Rfd8 17. Rd3 Qc5 18. Rg3 Kf8 19. Ne2 Bg4 20. Rd2 Re7
21. Qg5 Ne4 22. Qxg4 Qxf2+ 23. Kh1 Qf1+ 24. Ng1 Nf2+ 25. Rxf2 Qxf2 26. Qxg7+
Ke8 27. Ba4+ Red7 28. Rf3 Qxf3 29. Nxf3 Ke7 30. Bxd7 Rxd7 31. Qe5+ Kf8 32. Ng5
Re7 33. Qh8# 1-0

[Event "Sparkassen-Open J"]
[Site "Heusenstamm, Martinsee"]
[Date "2021.11.21"]
[Round "6.10"]
[White "Sasikumar Anitha, Sarvesh"]
[Black "Bichert, Iwan"]
[Result "0-1"]
[WhiteElo "995"]
[BlackElo "1102"]
[PlyCount "104"]
[EventDate "2021.??.??"]
[WhiteTeam "TuS Makkabi"]
[BlackTeam "TuS Makkabi Wiesbaden"]

1. e4 d5 2. exd5 Nf6 3. Bb5+ Bd7 4. Bxd7+ Qxd7 5. c4 c6 6. dxc6 Nxc6 7. Nc3 e6
8. Nf3 Bd6 9. O-O O-O 10. d4 Bc7 11. Be3 Rad8 12. Qd3 e5 13. d5 Nb4 14. Qd1 Qd6
15. g3 e4 16. Nd4 a6 17. Nc2 Nxc2 18. Qxc2 Rfe8 19. Bg5 h5 20. Bxf6 Qxf6 21.
Nxe4 Qg6 22. f3 h4 23. Qg2 hxg3 24. Nxg3 Qd3 25. Nh5 Qd4+ 26. Kh1 Bb6 27. b3
Qe5 28. f4 Qxh5 29. Rfe1 Bd4 30. Rxe8+ Rxe8 31. Rf1 Re2 32. Qg3 Rxa2 33. d6 Rd2
34. b4 Bc3 35. Rf2 Qd1+ 36. Qg1 Qxg1+ 37. Kxg1 Bd4 38. d7 Bxf2+ 39. Kf1 Rxd7
40. Kxf2 Rd4 41. b5 Rxf4+ 42. Kg3 Rxc4 43. bxa6 bxa6 44. Kf3 a5 45. Ke3 a4 46.
Kd3 Rc8 47. Kd4 a3 48. Kd5 a2 49. Kd6 a1=Q 50. Kd7 Qa6 51. Ke7 Rc7+ 52. Kd8
Qc8# 0-1

[Event "Sparkassen-Open J"]
[Site "Heusenstamm, Martinsee"]
[Date "2021.11.21"]
[Round "6.11"]
[White "Scheerer, Amelie"]
[Black "Englert, Ann"]
[Result "1-0"]
[WhiteElo "1134"]
[BlackElo "992"]
[PlyCount "51"]
[EventDate "2021.??.??"]
[WhiteTeam "SV Ffm-Griesheim"]
[BlackTeam "TV-Großostheim"]

1. e4 c5 2. Nf3 Nc6 3. d4 cxd4 4. Nxd4 g6 5. Be3 Bg7 6. Nc3 Nf6 7. Qd2 O-O 8.
O-O-O d6 9. Bc4 Nxd4 10. Bxd4 Be6 11. Bxe6 fxe6 12. Be3 e5 13. Bh6 Rc8 14. Bxg7
Kxg7 15. Rdg1 Ng4 16. f3 Nf6 17. h4 Nd7 18. h5 Qe8 19. hxg6 hxg6 20. Qh6+ Kf7
21. Qh7+ Kf6 22. Nd5+ Ke6 23. Rh6 Rg8 24. Rgh1 Nc5 25. R1h4 Kd7 26. Nf6+ 1-0

[Event "Sparkassen-Open J"]
[Site "Heusenstamm, Martinsee"]
[Date "2021.11.21"]
[Round "6.12"]
[White "Dyroff, Philipp"]
[Black "Staat, Christian"]
[Result "0-1"]
[WhiteElo "993"]
[BlackElo "1096"]
[PlyCount "106"]
[EventDate "2021.??.??"]
[WhiteTeam "SC Aschaffenburg"]
[BlackTeam "VSG Offenbach"]

1. c4 e5 2. Nc3 Nf6 3. g3 g6 4. Bg2 Bg7 5. e3 d6 6. Nge2 Be6 7. b3 O-O 8. O-O
c6 9. d4 exd4 10. Nxd4 Bd7 11. Bb2 d5 12. cxd5 cxd5 13. Nxd5 Nxd5 14. Bxd5 Nc6
15. Nxc6 Bxc6 16. Bxg7 Kxg7 17. Bxc6 bxc6 18. Rc1 Rc8 19. Rc2 Rc7 20. Qf3 Qd7
21. Rfc1 Rfc8 22. Qe4 f6 23. Qd4 Qe7 24. Rc4 Qa3 25. Ra4 Qxc1+ 26. Kg2 c5 27.
Qd6 c4 28. bxc4 Rxc4 29. Rxa7+ R4c7 30. Ra6 Qc3 31. Kg1 Qe5 32. Qd3 Rc6 33.
Ra7+ R6c7 34. Ra6 Qc5 35. Kg2 Ra7 36. Re6 Rcc7 37. Re4 Rxa2 38. Rd4 Raa7 39.
Qd2 Qc6+ 40. Rd5 Rd7 41. e4 Rxd5 42. exd5 Rd7 43. Qe3 Qxd5+ 44. Kg1 Qe5 45. Qb3
Qe2 46. Qa4 Rd1+ 47. Kg2 Qf1+ 48. Kf3 Rd3+ 49. Kg4 h5+ 50. Kh4 g5+ 51. Kxh5
Qh3+ 52. Qh4 gxh4 53. gxh4 Rd5# 0-1

[Event "Sparkassen-Open J"]
[Site "Heusenstamm, Martinsee"]
[Date "2021.11.21"]
[Round "6.13"]
[White "Niesel, Sebastian"]
[Black "Claussen, Daniela"]
[Result "1/2-1/2"]
[WhiteElo "1087"]
[BlackElo "990"]
[PlyCount "59"]
[EventDate "2021.??.??"]
[WhiteTeam "SV Ffm-Griesheim"]
[BlackTeam "SF Essen-Werden"]

1. e4 e6 2. d4 b6 3. c4 Bb7 4. d5 Nf6 5. Nc3 Bb4 6. Bg5 d6 7. Qc2 Nbd7 8. Nf3
O-O 9. Bd3 h6 10. Bh4 Qc8 11. O-O c6 12. Bg3 Qc7 13. Qb3 Bxc3 14. Qxc3 cxd5 15.
cxd5 Qxc3 16. bxc3 exd5 17. Bxd6 Rfc8 18. exd5 Rxc3 19. Bb5 Bxd5 20. Nh4 Bc4
21. Bc6 Re8 22. Rfd1 Be2 23. Rd2 Rxc6 24. Bg3 Rce6 25. f3 Bb5 26. Rc1 Nh5 27.
Bf2 Re2 28. Rd5 R2e5 29. Rd2 Nc5 30. Rb1 1/2-1/2

[Event "Sparkassen-Open J"]
[Site "Heusenstamm, Martinsee"]
[Date "2021.11.21"]
[Round "6.14"]
[White "Neininger, Pascal"]
[Black "Yang, Marco"]
[Result "0-1"]
[WhiteElo "1036"]
[BlackElo "1236"]
[PlyCount "52"]
[EventDate "2021.??.??"]
[WhiteTeam "SV Oberursel"]
[BlackTeam "SK Mannheim-Lindenhof"]

1. e4 c5 2. c3 d6 3. d4 Nf6 4. Bd3 Nc6 5. dxc5 dxc5 6. Nf3 c4 7. Bxc4 Qxd1+ 8.
Kxd1 Nxe4 9. Ke2 Bg4 10. Re1 O-O-O 11. Kf1 Bxf3 12. gxf3 Nd6 13. Bb5 Kc7 14.
Bxc6 Kxc6 15. Rd1 e6 16. Bg5 f6 17. Bf4 e5 18. Be3 a6 19. Na3 Be7 20. b4 Nf5
21. Rxd8 Nxe3+ 22. fxe3 Rxd8 23. f4 Rd3 24. fxe5 Rxc3 25. exf6 Bxf6 26. Nb1
Rc1+ 0-1

[Event "Sparkassen-Open J"]
[Site "Heusenstamm, Martinsee"]
[Date "2021.11.21"]
[Round "6.15"]
[White "Meier, Viktoria"]
[Black "Glavev, Danail"]
[Result "0-1"]
[WhiteElo "1312"]
[BlackElo "929"]
[PlyCount "90"]
[EventDate "2021.??.??"]
[WhiteTeam "Eichstetten"]
[BlackTeam "SK Bad Homburg"]

1. d4 d5 2. Bf4 Bf5 3. e3 e6 4. c3 c5 5. Nf3 Nf6 6. Bb5+ Nbd7 7. Be2 Be7 8.
Nbd2 O-O 9. O-O Qb6 10. Qb3 Qc6 11. c4 a6 12. a4 Nh5 13. Bg3 Nxg3 14. hxg3 h6
15. Qc3 Nf6 16. Ne5 Qc7 17. Rac1 cxd4 18. exd4 a5 19. c5 Nd7 20. Bb5 Nxe5 21.
dxe5 Rac8 22. Nb3 Ra8 23. Nd4 Qxe5 24. Rfe1 Qc7 25. Nxf5 exf5 26. Qd3 Rfd8 27.
Qxf5 Bxc5 28. Kf1 Qb6 29. Red1 Rd6 30. Rc2 Rf6 31. Qxd5 Bxf2 32. Rdd2 Bxg3+ 33.
Ke2 Re6+ 34. Kd3 Rd6 35. Kc3 Rxd5 36. Rxd5 Rc8+ 37. Kb3 Qe3+ 38. Ka2 Rxc2 39.
Bd3 Qe6 40. Bxc2 Qxd5+ 41. Bb3 Qc5 42. Kb1 Be5 43. Ka2 Qf2 44. Bxf7+ Kxf7 45.
Kb1 Qxb2# 0-1

[Event "Sparkassen-Open J"]
[Site "Heusenstamm, Martinsee"]
[Date "2021.11.21"]
[Round "6.16"]
[White "Gossen, Michael"]
[Black "von Knorre, Christoph"]
[Result "1-0"]
[WhiteElo "1061"]
[BlackElo "985"]
[PlyCount "67"]
[EventDate "2021.??.??"]
[WhiteTeam "TuS Makkabi Wiesbaden"]
[BlackTeam "VSG Offenbach"]

1. e4 e5 2. Nf3 Nc6 3. d4 exd4 4. Bc4 Bc5 5. c3 dxc3 6. Bxf7+ Kxf7 7. Qd5+ Kf8
8. Qxc5+ d6 9. Qxc3 Nf6 10. Qd3 Nb4 11. Qc4 c5 12. a3 Nc6 13. Nc3 Bg4 14. Qe2
Nd4 15. Qd3 Bxf3 16. gxf3 a5 17. Nb5 Nxb5 18. Qxb5 Qc7 19. Bf4 Ke7 20. Rc1 Rac8
21. Rg1 Rhg8 22. Ke2 Qc6 23. Qd3 Rcd8 24. Be3 b6 25. b4 axb4 26. axb4 g6 27.
bxc5 dxc5 28. Qc3 Rc8 29. Bg5 Rgf8 30. e5 Qb5+ 31. Kd2 Rfd8+ 32. Ke1 Rd5 33.
Bxf6+ Ke6 34. Qc4 1-0

[Event "Sparkassen-Open J"]
[Site "Heusenstamm, Martinsee"]
[Date "2021.11.21"]
[Round "6.17"]
[White "Biallas, Flynn"]
[Black "Dietrich, Fabian"]
[Result "1-0"]
[WhiteElo "832"]
[BlackElo "1248"]
[PlyCount "69"]
[EventDate "2021.??.??"]
[WhiteTeam "SK Marburg"]
[BlackTeam "SK Marburg"]

1. e4 e5 2. Nf3 Nc6 3. Bc4 Bc5 4. b4 Bxb4 5. c3 Bc5 6. d4 exd4 7. O-O Nge7 8.
cxd4 Bb4 9. Qb3 Na5 10. Qxb4 Nxc4 11. Qxc4 O-O 12. Nc3 Ng6 13. Bg5 Qe8 14. Qxc7
f6 15. Qc4+ Kh8 16. Bc1 d6 17. Re1 Bg4 18. Re3 Qd7 19. Ba3 Rfe8 20. Qd5 Rad8
21. Rb1 b6 22. Qb5 Qf7 23. Qc6 Qe6 24. d5 Qe7 25. Nb5 Bxf3 26. Rxf3 Qxe4 27.
Rf1 Nh4 28. Nxd6 Nxf3+ 29. gxf3 Qg6+ 30. Kh1 Re2 31. Qc7 Rxd6 32. Qxd6 h5 33.
Rg1 Qf5 34. Qf8+ Kh7 35. Qxg7# 1-0

[Event "Sparkassen-Open J"]
[Site "Heusenstamm, Martinsee"]
[Date "2021.11.21"]
[Round "6.18"]
[White "Shanmuganathan, Adhav"]
[Black "Plaumann, Finja"]
[Result "0-1"]
[WhiteElo "793"]
[BlackElo "978"]
[PlyCount "146"]
[EventDate "2021.??.??"]
[WhiteTeam "SV Ffm-Griesheim"]
[BlackTeam "SF Heidesheim"]

1. e4 e6 2. Nf3 d5 3. exd5 exd5 4. d4 Nf6 5. Nc3 c5 6. dxc5 Bxc5 7. Bg5 Be7 8.
Bb5+ Bd7 9. Bxd7+ Qxd7 10. Bxf6 Bxf6 11. Nxd5 Bxb2 12. Qe2+ Kd8 13. Rd1 Re8 14.
Ne3 Bc3+ 15. Kf1 Re6 16. Rxd7+ Nxd7 17. Qd3 Bb4 18. Ke2 Ke8 19. Qxh7 g6 20.
Qg8+ Nf8 21. Ng5 Re7 22. Nh7 Re6 23. Rd1 Ke7 24. Kf3 Rd8 25. Rxd8 Kxd8 26.
Qxf8+ Bxf8 27. Nxf8 Rf6+ 28. Kg4 Rxf2 29. Kg3 Rf6 30. Nh7 Ra6 31. Kg4 Re6 32.
Kf4 Ra6 33. h4 Rxa2 34. g4 Ra4+ 35. Kg5 Ke7 36. h5 gxh5 37. gxh5 Ra5+ 38. Kh6
f5 39. Kg7 f4 40. Ng2 Rxh5 41. Nxf4 Rc5 42. Ng6+ Kd8 43. Nf6 Rxc2 44. Ne5 Rg2+
45. Kf7 a5 46. Nc4 a4 47. Nd5 b5 48. Nc3 Rc2 49. Nxb5 Rxc4 50. Ke6 Rb4 51. Nc3
Kc7 52. Kd5 Kb6 53. Nxa4+ Rxa4 54. Kd6 Rd4+ 55. Ke5 Rd1 56. Ke4 Kc5 57. Ke3 Kc4
58. Ke2 Rd4 59. Ke3 Kc3 60. Ke2 Re4+ 61. Kf3 Kd3 62. Kf2 Rf4+ 63. Kg3 Ke3 64.
Kg2 Rf8 65. Kg3 Rg8+ 66. Kh4 Kf3 67. Kh5 Kf4 68. Kh6 Kf5 69. Kh7 Rg3 70. Kh6
Rg2 71. Kh7 Kf6 72. Kh8 Kf7 73. Kh7 Rh2# 0-1

[Event "Sparkassen-Open J"]
[Site "Heusenstamm, Martinsee"]
[Date "2021.11.21"]
[Round "6.19"]
[White "Ivanov, Emily"]
[Black "Kollmer, Otto"]
[Result "0-1"]
[WhiteElo "725"]
[BlackElo "963"]
[PlyCount "40"]
[EventDate "2021.??.??"]
[WhiteTeam "TuS Makkabi Wiesbaden"]
[BlackTeam "VSG Offenbach"]

1. e4 e5 2. Nf3 Nc6 3. Bc4 Bc5 4. O-O Nf6 5. d3 O-O 6. Nc3 d6 7. Bg5 Bg4 8. Nd5
Nd4 9. Nxf6+ gxf6 10. Bh6 Re8 11. a3 Bxf3 12. Qc1 Ne2+ 13. Kh1 Bxg2+ 14. Kxg2
Nxc1 15. Raxc1 Qd7 16. b4 Qg4+ 17. Kh1 Qf3+ 18. Kg1 Kh8 19. bxc5 Rg8+ 20. Bg7+
Rxg7# 0-1

[Event "Sparkassen-Open J"]
[Site "Heusenstamm, Martinsee"]
[Date "2021.11.21"]
[Round "7.1"]
[White "Valean, David-Andrei"]
[Black "Sydykov, Bayastan"]
[Result "0-1"]
[WhiteElo "1237"]
[BlackElo "1544"]
[PlyCount "72"]
[EventDate "2021.??.??"]
[WhiteTeam "SK Schweinfurt"]
[BlackTeam "SK Gießen"]

1. e4 e6 2. Nf3 d5 3. exd5 exd5 4. d4 Nf6 5. a3 Bd6 6. Nc3 O-O 7. Bg5 c6 8. Qd2
Bf5 9. O-O-O h6 10. Bf4 Ne4 11. Nxe4 Bxe4 12. Bxd6 Qxd6 13. Ne1 Nd7 14. f3 Bg6
15. Bd3 a5 16. g4 b5 17. c3 c5 18. h4 b4 19. Bxg6 Qxg6 20. g5 cxd4 21. Qxd4
bxc3 22. bxc3 h5 23. Qxd5 Rfd8 24. Qe4 Qb6 25. Rxd7 Rxd7 26. Qxa8+ Kh7 27. Qe4+
g6 28. Nd3 Qd6 29. Rd1 Qxa3+ 30. Kd2 Qb2+ 31. Ke3 Qxc3 32. Qa4 Re7+ 33. Kf2 Qc7
34. Rc1 Qh2+ 35. Kf1 Re2 36. Qc4 Qg2# 0-1

[Event "Sparkassen-Open J"]
[Site "Heusenstamm, Martinsee"]
[Date "2021.11.21"]
[Round "7.2"]
[White "Nagel, Daniel"]
[Black "Mohammadzadeh, Daris"]
[Result "1/2-1/2"]
[WhiteElo "1329"]
[BlackElo "1335"]
[PlyCount "47"]
[EventDate "2021.??.??"]
[WhiteTeam "SC Aschaffenburg"]
[BlackTeam "Vorw.Orient Mainz"]

1. d4 d5 2. Nf3 Nf6 3. g3 Bf5 4. Bg2 e6 5. O-O Bd6 6. c4 c6 7. Nbd2 O-O 8. b3
Nbd7 9. Bb2 Re8 10. Re1 Bb4 11. a3 Bd6 12. h3 Ne4 13. Nxe4 Bxe4 14. Nd2 Bxg2
15. Kxg2 e5 16. e4 exd4 17. exd5 cxd5 18. cxd5 Rxe1 19. Qxe1 Qb6 20. Qe4 Bc5
21. b4 Nf6 22. Qc2 Be7 23. Qc4 Qd8 24. Qxd4 1/2-1/2

[Event "Sparkassen-Open J"]
[Site "Heusenstamm, Martinsee"]
[Date "2021.11.21"]
[Round "7.3"]
[White "Snover, Tom"]
[Black "Himmelspacht, Maxim"]
[Result "0-1"]
[WhiteElo "1491"]
[BlackElo "1538"]
[PlyCount "46"]
[EventDate "2021.??.??"]
[WhiteTeam "SC Aschaffenburg"]
[BlackTeam "SK Gießen"]

1. e4 e6 2. d4 d5 3. Nc3 Bb4 4. a3 Bxc3+ 5. bxc3 Ne7 6. e5 c5 7. Bd2 Nbc6 8.
Be3 O-O 9. Be2 Qc7 10. f4 cxd4 11. cxd4 b6 12. Nf3 Bb7 13. O-O Qd7 14. Nd2 Rfd8
15. Bd3 Qc8 16. Rf3 Ba6 17. Bxa6 Qxa6 18. Rh3 Nf5 19. Bf2 Nfxd4 20. c3 Ne2+ 21.
Kh1 Nxf4 22. Rg3 Ng6 23. Nf3 Ncxe5 0-1

[Event "Sparkassen-Open J"]
[Site "Heusenstamm, Martinsee"]
[Date "2021.11.21"]
[Round "7.4"]
[White "Schwab, Lysander"]
[Black "Sreeramulu, Aarush"]
[Result "1-0"]
[WhiteElo "1282"]
[BlackElo "1227"]
[PlyCount "111"]
[EventDate "2021.??.??"]
[WhiteTeam "SC Aschaffenburg"]
[BlackTeam "SK Marburg"]

1. c4 c6 2. Nc3 d5 3. cxd5 cxd5 4. g3 Bf5 5. Bg2 Nf6 6. Nf3 e6 7. d3 Nc6 8. Qa4
Be7 9. Nd4 Bg6 10. Nxc6 bxc6 11. Qxc6+ Nd7 12. O-O O-O 13. Qa4 Nc5 14. Qd1 Rb8
15. Rb1 Bf6 16. Bd2 Qd7 17. b4 Na6 18. a3 Rfc8 19. Rc1 Nc7 20. Bh3 Nb5 21. Nxb5
Qxb5 22. Qb3 a5 23. Bf4 Ra8 24. Bd6 axb4 25. axb4 h6 26. Bc5 Rc6 27. Be3 Rac8
28. Rxc6 Rxc6 29. Rc1 Rxc1+ 30. Bxc1 Be7 31. Bd2 Bc5 32. Qc3 Be7 33. Bf1 Bf5
34. d4 Qb6 35. e3 Be4 36. b5 Bd8 37. Qc8 Kh7 38. Qa6 Qxa6 39. bxa6 Bb6 40. Bb4
e5 41. dxe5 Kg6 42. Bc3 Kf5 43. Bd4 g5 44. Bxb6 d4 45. exd4 h5 46. Bg2 h4 47.
Bxe4+ Kxe4 48. a7 hxg3 49. hxg3 g4 50. a8=Q+ Kf5 51. f3 f6 52. Qe4+ Ke6 53. d5+
Kf7 54. e6+ Kg7 55. Qxg4+ Kf8 56. Bc5+ 1-0

[Event "Sparkassen-Open J"]
[Site "Heusenstamm, Martinsee"]
[Date "2021.11.21"]
[Round "7.5"]
[White "Vick, Edward"]
[Black "Scheerer, Amelie"]
[Result "1/2-1/2"]
[WhiteElo "1242"]
[BlackElo "1134"]
[PlyCount "92"]
[EventDate "2021.??.??"]
[WhiteTeam "TuS Makkabi Wiesbaden"]
[BlackTeam "SV Ffm-Griesheim"]

1. e4 e5 2. Nf3 Nc6 3. d4 exd4 4. Bc4 Bc5 5. c3 Nf6 6. cxd4 Bb4+ 7. Bd2 Bxd2+
8. Nbxd2 d5 9. exd5 Nxd5 10. O-O O-O 11. Qb3 Na5 12. Qd3 Nxc4 13. Nxc4 Bg4 14.
Qe4 f5 15. Qe6+ Kh8 16. Nfe5 Bh5 17. Nd3 Nb6 18. Nxb6 axb6 19. Nf4 Qg5 20. Nxh5
Qxh5 21. Rfe1 Rae8 22. Qd7 Re2 23. f3 Rfe8 24. Rxe2 Rxe2 25. Qxc7 Qe8 26. Qc1
Qe3+ 27. Qxe3 Rxe3 28. Rc1 Kg8 29. Rc8+ Kf7 30. Rc7+ Re7 31. Rxe7+ Kxe7 32. Kf2
Kd6 33. Ke3 Kd5 34. f4 g6 35. h3 h6 36. g4 h5 37. g5 b5 38. Kd3 b4 39. h4 b6
40. a3 bxa3 41. bxa3 b5 42. Ke3 Kc4 43. d5 Kxd5 44. Kd3 Kc5 45. Kc3 Kd5 46. Kb4
Kc6 1/2-1/2